La "Biblioteca de Barcarrota" /
Furkejuvvon:
| Váldodahkki: | |
|---|---|
| Materiálatiipa: | Dovdameahttun |
| Giella: | Spanish |
| Fáttát: | |
| Fáddágilkorat: |
Lasit fáddágilkoriid
Eai fáddágilkorat, Lasit vuosttaš fáddágilkora!
|
MARC
| LEADER | 000000000a22000000004500 | ||
|---|---|---|---|
| 001 | 002506 | ||
| 041 | 0 | |a spa | |
| 100 | 1 | |a Pérez González, Fernando Tomás | |
| 245 | 1 | 3 | |a La "Biblioteca de Barcarrota" / |c Fernando Tomás Pérez González. |
| 310 | |a trimestral | ||
| 650 | 4 | |a BIBLIOTECA CLANDESTINA | |
| 650 | 4 | |a CATALOGO DE LIBROS PROHIBIDOS | |
| 650 | 4 | |a JUDEO CONVERSOS | |
| 650 | 4 | |a LIBRO DE ALBORA: QUE | |
| 650 | 4 | |a HETERODOXIA | |
| 650 | 4 | |a ROTTERDAM, ERASMO DE | |
| 650 | 4 | |a CRIPTOJUDIOS | |
| 650 | 4 | |a ESOTERISMO | |
| 650 | 4 | |a RACISMO | |
| 773 | 0 | |d España : CEXECI |t Con Eñe: Revista de cultura hispanoamericana |g número 1 (1997), página 13 | |
| 942 | |c ARC | ||
| 999 | |c 9922 |d 9922 | ||
